000 00439nam a2200169Ia 4500
001 19941
003 IN-NITTTR
005 20251114233229.0
008 251113s9999||||xx |||||||||||||| ||eng||
040 _beng
040 _cIN-NITTTR
041 _aeng
082 _a004.65 M135I
100 _aMcConnell, John
245 0 _aInternetworking computer systems :
_b interconnecting networks and systems. /
_cMcConnell, John
942 _2ddc
_cBK
999 _c22575
_d22575